LEADER 01389nam0 2200289 i 450 001 SUN0020329 005 20200701101221.503 100 $a20040719d1980 |0engc50 ba 101 $aeng 102 $aUS 105 $a|||| ||||| 200 1 $aImmunochemical techniques. Part A$fedited by Helen Van Vunakis, John J. Langone 210 $aNew York$cAcademic$d1980 215 $aXIX, 525 p.$cill.$d24 cm. 461 1$1001SUN0035886$12001 $a*Methods in enzymology$v70$1205 $aVol. 1(1955)-$1207 $aNew York : Academic, 1955-$1210 $avolumi$cill. ; 24 cm$1215 $aPeriodicitą irregolare 620 $aUS$dNew York$3SUNL000011 676 $a571.964$cImmunocitochimica$v22 702 1$aLangone$b, John J.$3SUNV016549 702 1$aVunakis$b, Helen van$3SUNV016555 712 $aAcademic$3SUNV000123$4650 790 1$aLangone, J. J.$zLangone, John J.$3SUNV102656 801 $aIT$bSOL$c20200706$gRICA 912 $aSUN0020329 950 $aUFFICIO DI BIBLIOTECA DEL DIPARTIMENTO DI SCIENZE E TECNOLOGIE AMBIENTALI BIOLOGICHE E FARMACEUTICHE$d17CONS Bc1/70 $e17FMF3827 20040719 $sBuono 950 $aUFFICIO DI BIBLIOTECA DEI DIPARTIMENTI DI AREA MEDICA$d12PERIO PI/16b $e12 13632 20100427 996 $aImmunochemical techniques. Part A$91428112 997 $aUNICAMPANIA LEADER 00850oam 2200241z- 450 001 9910146206703321 005 20060819104905.0 035 $a(CKB)1000000000279872 035 $a(EXLCZ)991000000000279872 100 $a20201208c2003uuuu -u- - 101 0 $aita 200 13$aIl codice del dono $everita? e gratuita? nelle ontologie del Novecento, atti del IX Colloquio su Filosofia e Religione, Macerata, 16-17 maggio 2002 /$fa cura di Giovanni Ferretti 311 $a88-8147-309-7 517 $aCodice del dono 517 $aIl codice del dono : veritą e gratuitą nelle ontologie del Novecento ... 517 $aIl codice del dono 606 $aOntology$vCongresses 615 0$aOntology 701 $aFerretti$b Giovanni$0386331 906 $aBOOK 912 $a9910146206703321 996 $aIl codice del dono$92871107 997 $aUNINA